| 000 | 00857nam a22002531a 4500 | ||
|---|---|---|---|
| 001 | 1142059 | ||
| 005 | 20170408020003.0 | ||
| 008 | 850321s1984 enk b 00010 eng d | ||
| 020 |
_a1850650055 _c£3.95 (pbk) |
||
| 020 |
_a1850650055 _c _5.95 (pbk) |
||
| 035 | _a(OCoLC)ocm11832447 | ||
| 035 | _a(CTUdb)10533 | ||
| 040 |
_aIWT _cIWT _dUIU _dCTUdb |
||
| 043 | _af------ | ||
| 100 | 1 | 0 |
_aMilingo, Emmanuel, _d1930- |
| 245 | 1 | 4 |
_aThe world in between : Christian healing and the struggle for spiritual survival / _cby E. Milingo ; edited, with introduction, commentary and epilogue, by Mona Macmillan. _h[Text] |
| 260 | 0 |
_aLondon _bC. Hurst _aLondon _bOrbis, _cc1984 |
|
| 300 | _avi, 138 p. ; 22 cm. | ||
| 504 | _aBibliography: p. 138. | ||
| 650 | 0 | _aSpiritual healing. | |
| 651 | 0 |
_aAfrica _xReligion. |
|
| 700 | 1 | 0 |
_aMacmillan, Mona, _d1908- |
| 942 | 0 | 0 | _06 |
| 999 |
_c22312 _d22312 |
||